000 00426nam a2200181Ia 4500
001 2905
005 20260306144841.0
008 260306t2014||||xx |||||||||||||| ||spa||
041 _aESP
082 _a232.9
_bS719
100 _aSayés, José Antonio
_eAUT
245 0 _aEl demonio ¿realidad o mito?
260 _c2014
300 _a180 páginas :
_c21 cm.
650 _aGEN
654 _aCHU
942 _cLIB
_dJUS
_fJUS
_2ddc
_n
999 _c2905
_d2905